[Event "II Festival Terre degli Elimi"]
[Site "Erice ITA"]
[Date "2011.07.28"]
[Round "4"]
[White "Spirin, Oleg"]
[Black "Dragojlovic, Andjelko"]
[Result "1-0"]
[WhiteElo "2491"]
[BlackElo "2380"]
[PlyCount "105"]
[EventDate "2011.07.26"]

1. d4 Nf6 2. Nf3 g6 3. c4 Bg7 4. g3 O-O 5. Bg2 c6 6. O-O d5 7. Qb3 dxc4 8. Qxc4
a5 9. Bf4 Na6 10. Qc1 Bf5 11. Bh6 Qb6 12. Bxg7 Kxg7 13. Nc3 Rfd8 14. Rd1 Nb4
15. Nh4 Be6 16. e3 a4 17. a3 Nbd5 18. Nf3 h6 19. Ne5 Nxc3 20. bxc3 c5 21. c4
cxd4 22. Rb1 Qc7 23. exd4 Rab8 24. Rb4 Ng4 25. Nxg4 Bxg4 26. Rd2 Bd7 27. Qc3
Kh7 28. Qe3 Be8 29. h4 h5 30. Rdb2 b6 31. d5 Rdc8 32. Rxb6 Rxb6 33. Rxb6 Qxc4
34. Qxe7 Qd4 35. Rf6 Kg7 36. Rf4 Qb6 37. d6 Qd8 38. Qe5+ Kg8 39. Kh2 Rc2 40.
Qd4 Rc1 41. Qd2 Rb1 42. Rd4 Bd7 43. Qe3 Qf6 44. Rd2 Qe6 45. Qxe6 fxe6 46. Be4
Rb3 47. Bxg6 Kg7 48. Bxh5 Rxa3 49. Rc2 Kf6 50. Rc7 Bb5 51. Rf7+ Ke5 52. d7 Rd3
53. f4+ 1-0

[Event "II Festival Terre degli Elimi"]
[Site "Erice ITA"]
[Date "2011.07.29"]
[Round "6"]
[White "Bertino, Giacomo"]
[Black "Dragojlovic, Andjelko"]
[Result "1/2-1/2"]
[WhiteElo "1993"]
[BlackElo "2380"]
[PlyCount "83"]
[EventDate "2011.07.26"]

1. e4 c5 2. b3 Nc6 3. Bb2 e5 4. Bc4 d6 5. Nc3 g6 6. Nge2 Bg7 7. Nd5 Nf6 8. d3
O-O 9. O-O Nxd5 10. Bxd5 Ne7 11. Bc4 d5 12. exd5 Nxd5 13. Bxd5 Qxd5 14. Nc3 Qc6
15. Re1 b6 16. Qe2 Bb7 17. Qe4 Qd7 18. Qc4 Rae8 19. Re2 h6 20. Rae1 Kh7 21. a4
Re6 22. Nb5 Rfe8 23. Qh4 a6 24. Na3 b5 25. axb5 axb5 26. f3 Bc6 27. Kf1 Qd6 28.
Nb1 f5 29. Nd2 Bf6 30. Qg3 Qe7 31. Qf2 Bh4 32. g3 Bf6 33. f4 Qd6 34. fxe5 Qd5
35. Qg1 Bg5 36. h4 Bd8 37. Qh2 Bb6 38. Ba1 Ra8 39. g4 Ba5 40. gxf5 gxf5 41. Qh3
Rg6 42. Rf2 1/2-1/2

[Event "II Festival Terre degli Elimi"]
[Site "Erice ITA"]
[Date "2011.07.29"]
[Round "6"]
[White "Spirin, Oleg"]
[Black "La Bella, Roberto"]
[Result "1-0"]
[WhiteElo "2491"]
[BlackElo "2175"]
[PlyCount "77"]
[EventDate "2011.07.26"]

1. Nf3 Nf6 2. c4 g6 3. Nc3 Bg7 4. g3 O-O 5. Bg2 d6 6. d4 c6 7. O-O Qc7 8. h3
Nbd7 9. e4 e5 10. Be3 a5 11. Qc2 exd4 12. Nxd4 Re8 13. Rfe1 Nc5 14. b3 h5 15.
Rad1 Qe7 16. Bg5 Qc7 17. Bf4 Nfd7 18. Be3 Nf8 19. f4 Nfe6 20. Nde2 Na6 21. Qd2
Bf8 22. Rb1 Nec5 23. Nd4 Ne6 24. a3 Nxd4 25. Bxd4 f5 26. exf5 Bxf5 27. Ne4 Be7
28. Ba1 Kh7 29. Qd4 Rg8 30. g4 hxg4 31. hxg4 Bxg4 32. Ng5+ Bxg5 33. fxg5 Bh5
34. Re3 Rae8 35. Rbe1 Rxe3 36. Qxe3 Rd8 37. Qe6 Nc5 38. Qf6 Nxb3 39. Re7+ 1-0

[Event "II Festival Terre degli Elimi"]
[Site "Erice ITA"]
[Date "2011.07.29"]
[Round "7"]
[White "Bifulco, Michel"]
[Black "Lazic, Miroljub"]
[Result "1/2-1/2"]
[WhiteElo "2028"]
[BlackElo "2449"]
[PlyCount "65"]
[EventDate "2011.07.26"]

1. d4 d5 2. c4 e6 3. Nc3 c6 4. cxd5 exd5 5. Nf3 Bf5 6. Bg5 Qb6 7. Qd2 Nd7 8. e3
Ngf6 9. Bxf6 Nxf6 10. a3 a5 11. Be2 Bd6 12. Ne5 O-O 13. g4 Be6 14. f4 Bxe5 15.
fxe5 Ne4 16. Nxe4 dxe4 17. Qc2 f6 18. O-O fxe5 19. Qxe4 Bd5 20. Rxf8+ Rxf8 21.
Qxe5 Qxb2 22. Rf1 Qxe2 23. Rxf8+ Kxf8 24. Qb8+ Kf7 25. Qc7+ Ke6 26. Qc8+ Kf6
27. Qd8+ Kg6 28. Qd6+ Kf7 29. Qd7+ Kf8 30. Qd8+ Kf7 31. Qd7+ Kf6 32. Qd6+ Kf7
33. Qd7+ 1/2-1/2